| 000 | 00437nam a22001697a 4500 | ||
|---|---|---|---|
| 003 | OSt | ||
| 008 | 250901b |||||||| |||| 00| 0 eng d | ||
| 020 | _a9789387909267 | ||
| 082 | _a657.42 MAC | ||
| 100 | _aMAHESHWARI, S. N. and MITTAL, S. N. | ||
| 245 | _aCost Accounting - Theory & Problems | ||
| 250 | _aReprint | ||
| 260 |
_aDelhi, _bShree Mahavir Book Depot, _c2024, |
||
| 300 | _aMISC. | ||
| 650 | _aCommerce | ||
| 942 |
_2ddc _cBK |
||
| 999 |
_c13714 _d13714 |
||